Central Library OPAC University of Rajshahi

The poetical works of John Milton / (Record no. 62800)

MARC details
000 -LEADER
fixed length control field 00654nam a2200229 a 4500
001 - CONTROL NUMBER
control field 62800
003 - CONTROL NUMBER IDENTIFIER
rucl marc code BD-RjUL
005 - DATE AND TIME OF LATEST TRANSACTION
control field 20211209081126.0
008 - FIXED-LENGTH DATA ELEMENTS--GENERAL INFORMATION
fixed length control field 170125s1842 enk 000 0 eng d
035 ## - SYSTEM CONTROL NUMBER
System control number (BD-RjUL)62928
040 ## - CATALOGING SOURCE
Original cataloging agency BD-RjUL
Language of cataloging eng
Transcribing agency BD-RjUL
Modifying agency BD-RjUL
041 ## - LANGUAGE CODE
Language code of text/sound track or separate title eng
082 ## - DEWEY DECIMAL CLASSIFICATION NUMBER
Edition number 23
Classification number 821.4
Author mark and year MIP 1842
100 1# - MAIN ENTRY--PERSONAL NAME
Personal name Milton, John
9 (RLIN) 186681
245 14 - TITLE STATEMENT
Title The poetical works of John Milton /
Statement of responsibility, etc. John Milton, the rev. Henry John Todd
260 ## - PUBLICATION, DISTRIBUTION, ETC. (IMPRINT)
Place of publication, distribution, etc. London :
Name of publisher, distributor, etc. A. Spottiswoode,
Date of publication, distribution, etc. 1842.
300 ## - PHYSICAL DESCRIPTION
Pagination V. ;
Size 18 cm.
505 ## - FORMATTED CONTENTS NOTE
Formatted contents note V-2.--
600 ## - SUBJECT ADDED ENTRY--PERSONAL NAME
Personal name Milton, John
Dates associated with a name 1608-1674.
700 ## - ADDED ENTRY--PERSONAL NAME
Personal name Todd, Henry John
942 ## - ADDED ENTRY ELEMENTS (KOHA)
Source of classification or shelving scheme Dewey Decimal Classification
Koha item type Books
Holdings
Lost status Source of classification or shelving scheme Damaged status Not for loan Collection code Permanent Location Current Location Shelving location Date acquired Source of acquisition Total Checkouts Full call number Date last seen Copy number Koha item type
  Dewey Decimal Classification   Not For Loan Non-fiction Central Library, University of Rajshahi Central Library, University of Rajshahi Reading Room 16/02/1957 Puttia Raj. Estate   821.4 MIP V-2 1842 25/01/2017 C-1 Books